Which country has Ukraine most similarty on dna - Statistics

General Stats
  • This quiz has been taken 43 times
  • The average score is 16 of 20
Answer Stats
Hint Answer % Correct
1 Belarus
100%
2 Russia
100%
3 Poland
92%
13 Bulgaria
89%
7 Estonia
89%
6 Latvia
89%
8 Romania
89%
10 Slovakia
89%
15 Germany
83%
5 Lithuania
83%
4 Moldova
83%
12 Serbia
83%
9 Hungary
78%
16 Sweden
78%
17 Finland
75%
11 Czechia
72%
19 Greece
72%
18 Turkey
72%
20 France
67%
14 Austria
61%
No matching quizzes found
Score Distribution
Percent of People with Each Score
Percentile by Number Answered
Your Score History
You have not taken this quiz